Landkreise und kreisfreie Städte Deutschlands mit "S" - Statistiken

Allgemein
  • Dieses Quiz wurde 609 mal gespielt
  • Das Durchschnittsergebnis liegt bei 29 aus 42
Antwortstatistiken
Bundesland Kreis % Korrekt
Saarland Saarlouis
88%
Baden-Württemberg Stuttgart
86%
Sachsen-Anhalt Saalekreis
84%
Nordrhein-Westfalen Siegen-Wittgenstein
84%
Mecklenburg-Vorpommern Schwerin
83%
Nordrhein-Westfalen Solingen
81%
Bayern Schweinfurt
78%
Bayern Schweinfurt
78%
Niedersachsen Salzgitter
77%
Thüringen Suhl
77%
Thüringen Saalfeld-Rudolstadt
73%
Nordrhein-Westfalen Soest
73%
Thüringen Saale-Orla-Kreis
71%
Schleswig-Holstein Schleswig-Flensburg
71%
Niedersachsen Stade
71%
Bayern Straubing
70%
Sachsen Sächsische Schweiz-Osterzgebirge
69%
Nordrhein-Westfalen Steinfurt
69%
Bayern Straubing-Bogen
69%
Baden-Württemberg Sigmaringen
68%
Rheinland-Pfalz Speyer
68%
Sachsen-Anhalt Stendal
68%
Saarland St. Wendel
68%
Thüringen Saale-Holzland-Kreis
67%
Schleswig-Holstein Segeberg
67%
Saarland Saarpfalz-Kreis
66%
Bayern Schwandorf
66%
Thüringen Sonneberg
66%
Schleswig-Holstein Steinburg
65%
Sachsen-Anhalt Salzlandkreis
64%
Thüringen Sömmerda
64%
Schleswig-Holstein Stormarn
64%
Bayern Schwabach
63%
Brandenburg Spree-Neiße
61%
Thüringen Schmalkalden-Meiningen
60%
Hessen Schwalm-Eder-Kreis
60%
Niedersachsen Schaumburg
58%
Rheinland-Pfalz Südwestpfalz
57%
Bayern Starnberg
56%
Rheinland-Pfalz Südliche Weinstraße
56%
Baden-Württemberg Schwarzwald-Baar-Kreis
54%
Baden-Württemberg Schwäbisch Hall
53%
Keine übereinstimmenden Quizze gefunden
Verteilung der Resultate
Anzahl Personen mit jedem Resultat
Perzentil nach korrekt beantworteten Fragen
Ihre Resultats-Entwicklung
Sie haben dieses Quiz noch nicht gespielt